000 00880nam a2200253 a 4500
001 000010749
003 DO-SdBNP
005 20260427110715.0
008 091009s2006 dr c r 000 0 spa d
020 _z9945100033
040 _aDO-SdBNP
_bspa
_cBNPHU
082 _aRD861.44
_bM631s, 2006
245 0 0 _aMientras salga el sol :
_bantología de poetas de la provincia La Altagracia /
_ccompilador y presentación Isael Pérez.
250 _a2a ed.
260 _aSanto Domingo :
_bJunta Cultural Dominicana,
_c2006.
300 _a294 p. :
_bretrs. ;
_c23 cm.
590 _aInventariado, 2018/BT
650 4 _aPoesía dominicana
_9351
_vColecciones
650 4 _aPoetas dominicanos
_925956
_ySiglo XX
650 4 _aLiteratura dominicana
_ySiglo XX
_985167
700 1 _aPérez, Isael,
_d1961-
_ecomp.
_91414
910 _aValidado. Control de calidad. MMOLINA
942 _2ddc
_cLBS1
999 _c10504
_d10504